[Event "Aeroflot Open A"]
[Site "Moscow RUS"]
[Date "2011.02.09"]
[Round "2"]
[White "Kovalenko, Igor"]
[Black "Cheparinov, Ivan"]
[Result "1/2-1/2"]
[WhiteTitle "IM"]
[BlackTitle "GM"]
[WhiteElo "2515"]
[BlackElo "2665"]
[WhiteFideId "14117908"]
[BlackFideId "2905540"]
[EventDate "2011.02.08"]

1. d4 Nf6 2. c4 g6 3. Nc3 d5 4. Nf3 Bg7 5. Qb3 dxc4 6. Qxc4 O-O 7. e4 a6 8. Be2
b5 9. Qb3 c5 10. dxc5 Bb7 11. O-O Nxe4 12. Nxe4 Bxe4 13. Rd1 Qc8 14. Bg5 Nc6 15.
Qe3 Qe6 16. Rd2 Bd5 17. a3 Qxe3 18. fxe3 e6 19. Nd4 Ne5 20. b3 Rfc8 21. Rc1 Nd7
22. Be7 Re8 23. Bg5 h6 24. Bh4 g5 25. Bf2 Nf6 26. b4 Ne4 27. Rdd1 Rec8 28. Be1
Rc7 29. Ra1 Bc6 30. Bf3 Bxd4 31. Rxd4 f5 32. Rad1 e5 33. Bxe4 exd4 34. Bxc6 Rxc6
35. exd4 Rd8 36. d5 Re6 37. Bc3 Kf8 38. Kf2 Ke7 39. Bd4 Re4 40. Bg7 Kf7 41. Bb2
Rde8 42. Bd4 Ke7 43. Rd2 Kd7 44. h3 h5 45. Bf6 Rf4+ 46. Kg3 h4+ 47. Kh2 g4 48.
Bxh4 Rf1 49. hxg4 f4 50. d6 Rh8 51. g3 f3 52. Rd5 Re8 53. Be7 Rh8+ 54. Bh4 Re8
55. Be7 Rh8+ 1/2-1/2

[Event "Aeroflot Open A"]
[Site "Moscow RUS"]
[Date "2011.02.09"]
[Round "2"]
[White "Le, Quang Liem"]
[Black "Xiu, Deshun"]
[Result "1-0"]
[WhiteTitle "GM"]
[WhiteElo "2664"]
[BlackElo "2508"]
[WhiteFideId "12401137"]
[BlackFideId "8603693"]
[EventDate "2011.02.08"]

1. d4 Nf6 2. Nf3 d5 3. c4 e6 4. Nc3 Bb4 5. Bg5 h6 6. Bxf6 Qxf6 7. e3 O-O 8. Be2
dxc4 9. O-O Qe7 10. Bxc4 c5 11. a3 cxd4 12. exd4 Bxc3 13. bxc3 Qc7 14. Qe2 Nd7
15. Rad1 b6 16. d5 exd5 17. Bxd5 Rb8 18. Qe7 Qxc3 19. Be4 Qc5 20. Rxd7 Bxd7 21.
Qxd7 Qxa3 22. Bd5 Rbd8 23. Bxf7+ Kh8 24. Qb7 Rb8 25. Qd5 Rbd8 26. Qh5 Rd7 27.
Ne5 Rdxf7 28. Nxf7+ Kg8 29. Ne5 Qc5 30. h3 b5 31. Qe2 Re8 32. Qa2+ Kh7 33. Nd7
Qf5 34. Qxa7 b4 35. Qd4 Rd8 36. Rd1 Kh8 37. g4 Qc2 38. Re1 b3 39. Nf6 Qc7 40.
Qe3 Qc6 41. Nh5 b2 42. Qe5 Qb7 43. Rb1 Rd2 44. Qc3 Rd5 45. Qxg7+ Qxg7 46. Nxg7 1-0

[Event "Aeroflot Open A"]
[Site "Moscow RUS"]
[Date "2011.02.09"]
[Round "2"]
[White "Fedoseev, Vladimir3"]
[Black "Mamedov, Rauf"]
[Result "1/2-1/2"]
[WhiteTitle "IM"]
[BlackTitle "GM"]
[WhiteElo "2505"]
[BlackElo "2660"]
[WhiteFideId "24130737"]
[BlackFideId "13401653"]
[EventDate "2011.02.08"]

1. e4 d6 2. d4 Nf6 3. f3 c5 4. c3 Nbd7 5. Be3 g6 6. Nh3 Bg7 7. Qd2 O-O 8. Nf2 e5
9. dxc5 Nxc5 10. Na3 b6 11. Rd1 Ne8 12. Bc4 Be6 13. Bxc5 bxc5 14. h4 Qe7 15. h5
Rd8 16. hxg6 hxg6 17. Bxe6 fxe6 18. Ng4 Rf4 19. Nc4 Qg5 20. g3 Rxg4 21. fxg4
Qxg4 22. Qg2 Qg5 23. Ke2 d5 24. Qh3 Kf7 25. Qh4 Qxh4 26. Rxh4 g5 27. Rhh1 Ke7
28. Nd2 Nf6 29. c4 dxe4 30. Nf1 Rd4 31. Ne3 a5 32. Rc1 g4 33. Rc3 Kf7 34. Ra3
Kg6 35. Rxa5 Bh6 36. Rxh6+ Kxh6 37. Rxc5 Nh5 38. Rxe5 Nxg3+ 39. Kf2 Nh5 40.
Rxe6+ Kg5 41. Re5+ Kg6 42. Nxg4 Rd2+ 43. Ke3 Rxb2 44. Ra5 Ng3 45. c5 Kf5 46.
Nh6+ Ke5 47. c6+ Kd6 48. Ra6 Kc7 49. Ng8 Nf5+ 50. Kxe4 Nd6+ 51. Kd4 Rd2+ 52. Kc3
Ne4+ 53. Kc4 Rc2+ 54. Kb4 Rxc6 55. Rxc6+ Kxc6 1/2-1/2

[Event "Aeroflot Open A"]
[Site "Moscow RUS"]
[Date "2011.02.09"]
[Round "2"]
[White "Bocharov, Dmitry"]
[Black "Movsesian, Sergei"]
[Result "0-1"]
[WhiteTitle "GM"]
[BlackTitle "GM"]
[WhiteElo "2605"]
[BlackElo "2721"]
[WhiteFideId "4138716"]
[BlackFideId "310204"]
[EventDate "2011.02.08"]

1. d4 Nf6 2. c4 e6 3. Nc3 Bb4 4. f3 d5 5. a3 Bxc3+ 6. bxc3 O-O 7. cxd5 exd5 8.
e3 b6 9. Ra2 c5 10. Rf2 Qd7 11. g4 Ba6 12. Bxa6 Nxa6 13. Ne2 Nc7 14. O-O Rad8
15. Ng3 Nfe8 16. Kh1 Nd6 17. e4 f6 18. g5 fxg5 19. Bxg5 Rde8 20. Qd3 c4 21. Qc2
Qh3 22. Bc1 h5 23. e5 Nf5 24. Rg1 Ne6 25. Qa4 Re7 26. Qc6 Rd8 27. Ne2 Qh4 28.
Rfg2 Qh3 29. Rf2 Qh4 30. Rgg2 Ree8 31. Ng3 Qh3 32. Bg5 Ne7 33. Bxe7 Rxe7 34. f4
Rc7 35. Qa4 h4 36. f5 Ng5 37. Nh5 Qe3 38. Re2 Qf3 39. Nxg7 Rxg7 40. Rf2 Qe4 41.
Qc2 h3 42. Qxe4 Nxe4 43. Rxg7+ Kxg7 44. Rf3 Kf7 0-1

[Event "Aeroflot Open A"]
[Site "Moscow RUS"]
[Date "2011.02.09"]
[Round "2"]
[White "Jakovenko, Dmitry"]
[Black "Zhao, Jun"]
[Result "1-0"]
[WhiteTitle "GM"]
[BlackTitle "GM"]
[WhiteElo "2718"]
[BlackElo "2599"]
[WhiteFideId "4122356"]
[BlackFideId "8602522"]
[EventDate "2011.02.08"]

1. d4 Nf6 2. c4 g6 3. Nc3 Bg7 4. e4 d6 5. Nf3 O-O 6. h3 Na6 7. Bg5 e5 8. d5 Qe8
9. g4 Nd7 10. Rg1 Ndc5 11. a3 Bd7 12. b4 Na4 13. Nb5 Nb6 14. Qd3 Kh8 15. Be2 f5
16. gxf5 gxf5 17. Nh4 Qf7 18. O-O-O Rae8 19. Be3 Nc8 20. Nxf5 Bxf5 21. exf5 Ne7
22. Qe4 Nxf5 23. Bd3 Bh6 24. Qxf5 Bxe3+ 25. fxe3 Qxf5 26. Bxf5 Rxf5 27. Rdf1 Rh5
28. Rf7 Rg8 29. Rxg8+ Kxg8 30. Rd7 Rh4 31. Kd2 Rxc4 32. Rd8+ Kg7 33. Ra8 Nxb4
34. axb4 a6 35. Na3 Rxb4 36. Rc8 c6 37. dxc6 bxc6 38. Rxc6 d5 39. Re6 Re4 40.
Kd3 Kf7 41. Rh6 Rb4 42. Nc2 Rb3+ 43. Kd2 d4 44. Rxa6 dxe3+ 45. Nxe3 Rb4 46. Ng4
Rb2+ 47. Kc3 Rg2 48. Nxe5+ Kg7 49. Rd6 Rg5 50. Rd7+ Kf6 51. Ng4+ Kf5 52. Rxh7
Kf4 53. Kd4 Rf5 54. Ne3 Ra5 55. Nd5+ Kg3 56. Ke5 Ra4 57. Ne7 Ra5+ 58. Kf6 Kf4
59. Ng6+ Kg3 60. h4 Kg4 61. Ne5+ Kf4 62. Re7 1-0

[Event "Aeroflot Open A"]
[Site "Moscow RUS"]
[Date "2011.02.09"]
[Round "2"]
[White "Yu, Yangyi"]
[Black "Vachier-Lagrave, Maxime"]
[Result "1/2-1/2"]
[WhiteTitle "GM"]
[BlackTitle "GM"]
[WhiteElo "2607"]
[BlackElo "2715"]
[WhiteFideId "8603820"]
[BlackFideId "623539"]
[EventDate "2011.02.08"]

1. e4 c5 2. Nf3 d6 3. d4 cxd4 4. Nxd4 Nf6 5. Nc3 a6 6. Be3 e6 7. Be2 Qc7 8. Qd2
b5 9. a3 Bb7 10. f3 Be7 11. g4 Nc6 12. g5 Nd7 13. Nxc6 Qxc6 14. h4 Ne5 15. O-O-O
Nc4 16. Bxc4 Qxc4 17. h5 a5 18. Qd4 Qxd4 19. Bxd4 b4 20. Nb5 O-O 21. h6 Bxg5+
22. Kb1 g6 23. Nxd6 Ba6 24. axb4 axb4 25. Bg7 Rfd8 26. e5 Be2 1/2-1/2

[Event "Aeroflot Open A"]
[Site "Moscow RUS"]
[Date "2011.02.09"]
[Round "2"]
[White "Grigoryan, Avetik"]
[Black "Sutovsky, Emil"]
[Result "1/2-1/2"]
[WhiteTitle "GM"]
[BlackTitle "GM"]
[WhiteElo "2595"]
[BlackElo "2695"]
[WhiteFideId "13302191"]
[BlackFideId "2802007"]
[EventDate "2011.02.08"]

1. d4 Nf6 2. Bg5 Ne4 3. Bf4 d5 4. f3 Nf6 5. e4 e6 6. e5 Nfd7 7. Be3 c5 8. c3 Be7
9. f4 g5 10. Nh3 Qb6 11. Qd2 g4 12. Nf2 f5 13. exf6 Nxf6 14. dxc5 Bxc5 15. Bxc5
Qxc5 16. Na3 Nc6 17. Nb5 O-O 18. Nd4 Bd7 19. Be2 Rac8 20. Bxg4 Nxg4 21. Nxg4
Nxd4 22. cxd4 Qc2 23. Qxc2 Rxc2 24. O-O Bb5 25. Rf2 Rxf2 26. Nxf2 Rxf4 27. Rd1
Rf8 28. Rc1 Rf4 29. Rd1 Rf8 30. Rd2 Kg7 31. g3 Kg6 32. Nd1 1/2-1/2

[Event "Aeroflot Open A"]
[Site "Moscow RUS"]
[Date "2011.02.09"]
[Round "2"]
[White "Tomashevsky, Evgeny"]
[Black "Romanov, Evgeny"]
[Result "1-0"]
[WhiteTitle "GM"]
[BlackTitle "GM"]
[WhiteElo "2695"]
[BlackElo "2606"]
[WhiteFideId "4147235"]
[BlackFideId "4148843"]
[EventDate "2011.02.08"]

1. d4 Nf6 2. c4 c6 3. Nc3 d5 4. e3 a6 5. Nf3 b5 6. b3 Bg4 7. Be2 e6 8. O-O Nbd7
9. h3 Bh5 10. Bb2 Bd6 11. Ne5 Bxe2 12. Nxe2 bxc4 13. bxc4 O-O 14. Rc1 Qb8 15.
Nxd7 Nxd7 16. Rb1 Qc7 17. c5 Be7 18. Bc3 Rfb8 19. Qa4 Rxb1 20. Rxb1 Rb8 21.
Rxb8+ Nxb8 22. Ba5 Qb7 23. Bb6 Nd7 24. Qa5 Kf8 25. Nc1 Nxb6 26. Qxb6 Qa8 27. Nd3
Bd8 28. Qb3 Bc7 29. f4 Ke8 30. Kf2 a5 31. a4 Qb8 32. Qxb8+ Bxb8 33. g4 g6 34.
Kf3 f5 35. Kg3 Kf7 36. Ne1 Bc7 37. Nf3 Kf6 38. Kh4 h6 39. g5+ Kg7 40. gxh6+ Kxh6
41. Kg3 Kg7 42. Ng5 Kf6 43. h4 Bd8 44. Kh3 Bc7 45. h5 gxh5 46. Kh4 e5 47. fxe5+
Bxe5 48. dxe5+ Kxe5 49. Kxh5 f4 50. Nf3+ Ke4 51. exf4 Kxf3 52. f5 d4 53. f6 d3
54. f7 d2 55. f8=Q+ Ke2 56. Qe7+ Kd3 57. Qh7+ Ke2 58. Qe4+ Kf2 59. Qd3 Ke1 60.
Qe3+ Kd1 61. Kg4 Kc2 62. Qe2 Kc1 63. Qc4+ 1-0

[Event "Aeroflot Open A"]
[Site "Moscow RUS"]
[Date "2011.02.09"]
[Round "2"]
[White "Kotronias, Vasilios"]
[Black "Bologan, Viktor"]
[Result "1/2-1/2"]
[WhiteTitle "GM"]
[BlackTitle "GM"]
[WhiteElo "2599"]
[BlackElo "2693"]
[WhiteFideId "5900212"]
[BlackFideId "13900048"]
[EventDate "2011.02.08"]

1. e4 c6 2. d4 d5 3. Nc3 dxe4 4. Nxe4 Bf5 5. Ng3 Bg6 6. h4 h6 7. Nf3 Nd7 8. h5
Bh7 9. Bd3 Bxd3 10. Qxd3 e6 11. Bf4 Qa5+ 12. Bd2 Bb4 13. c3 Be7 14. c4 Qc7 15.
O-O-O Ngf6 16. Rhe1 O-O 17. Nf5 Rfe8 18. Nxe7+ Rxe7 19. Qc2 b5 20. cxb5 Rc8 21.
bxc6 Qb6 22. Kb1 Rxc6 23. Qa4 Re8 24. Rc1 Rb8 25. b3 Rbc8 26. Rxc6 Rxc6 27. Rc1
Rxc1+ 28. Kxc1 Qb7 29. Qa5 Nb6 30. Ne1 Nbd5 31. Nd3 Nxh5 32. Qd8+ Kh7 33. Nc5
Qb5 34. Nd7 g5 35. g4 Nhf4 36. Nf6+ Nxf6 37. Qxf6 Qf1+ 38. Kc2 Qd3+ 39. Kd1 Qb1+
40. Bc1 Qd3+ 41. Bd2 Kg8 42. Qxh6 Qf3+ 43. Kc2 Qxg4 44. Qf6 Qg2 45. f3 Kf8 46.
Qh8+ Ke7 47. Qe5 Kf8 48. Qh8+ Ke7 49. Qe5 Kf8 50. Qh8+ Ke7 1/2-1/2

[Event "Aeroflot Open A"]
[Site "Moscow RUS"]
[Date "2011.02.09"]
[Round "2"]
[White "Motylev, Alexander"]
[Black "Zhou, Weiqi"]
[Result "1/2-1/2"]
[WhiteTitle "GM"]
[BlackTitle "GM"]
[WhiteElo "2687"]
[BlackElo "2573"]
[WhiteFideId "4121830"]
[BlackFideId "8601674"]
[EventDate "2011.02.08"]

1. e4 c6 2. d4 d5 3. e5 Bf5 4. Nf3 e6 5. Be2 Ne7 6. O-O c5 7. c4 Nbc6 8. Na3 a6
9. dxc5 d4 10. Qa4 Ng6 11. Rd1 Bxc5 12. b4 Bxb4 13. Nxd4 Qa5 14. Qxa5 Nxa5 15.
Nxf5 exf5 16. Nc2 Bc3 17. Rb1 f4 18. Rd3 Bxe5 1/2-1/2

[Event "Aeroflot Open A"]
[Site "Moscow RUS"]
[Date "2011.02.09"]
[Round "2"]
[White "Timofeev, Artyom"]
[Black "Mamedov, Nidjat"]
[Result "1/2-1/2"]
[WhiteTitle "GM"]
[BlackTitle "GM"]
[WhiteElo "2681"]
[BlackElo "2580"]
[WhiteFideId "4140419"]
[BlackFideId "13400819"]
[EventDate "2011.02.08"]

1. d4 Nf6 2. c4 g6 3. Nc3 Bg7 4. e4 d6 5. Nf3 O-O 6. h3 e5 7. d5 a5 8. Bg5 Na6
9. Bd3 Qe8 10. g4 Nd7 11. Rg1 Ndc5 12. Bc2 Kh8 13. Qd2 Nb4 14. Nb5 Nxc2+ 15.
Qxc2 Na6 16. Qd2 Bd7 17. a4 Bxb5 18. axb5 Nc5 19. Qc2 f5 20. Nd2 c6 21. Be3 fxg4
22. bxc6 gxh3 23. cxb7 Rb8 24. Rxa5 Rxb7 25. Rxc5 dxc5 26. Bxc5 Qb8 27. b3 Bh6
28. Bxf8 Qxf8 29. Nf1 Ra7 30. Rg3 Qa8 31. Rd3 Ra1+ 32. Rd1 Qa5+ 33. b4 Qxb4+ 34.
Ke2 Ra3 35. Rb1 Qa5 36. Rb3 Ra2 37. Rb2 Ra1 38. Qb3 Bf8 39. Qb8 Qe1+ 40. Kf3
Ra3+ 41. Ne3 Kg8 42. Qxe5 Ra7 43. Ng4 Ra3+ 44. Ne3 Ra7 45. Ng4 Ra3+ 1/2-1/2

[Event "Aeroflot Open A"]
[Site "Moscow RUS"]
[Date "2011.02.09"]
[Round "2"]
[White "So, Wesley"]
[Black "Shomoev, Anton"]
[Result "0-1"]
[WhiteTitle "GM"]
[BlackTitle "GM"]
[WhiteElo "2673"]
[BlackElo "2557"]
[WhiteFideId "5202213"]
[BlackFideId "4135148"]
[EventDate "2011.02.08"]

1. d4 Nf6 2. c4 g6 3. Nc3 Bg7 4. e4 d6 5. Be2 O-O 6. Nf3 e5 7. Be3 Ng4 8. Bg5 f6
9. Bh4 Nc6 10. d5 Ne7 11. Nd2 h5 12. h3 Nh6 13. g4 hxg4 14. hxg4 Nf7 15. Qc2 c5
16. O-O-O Bd7 17. Rh2 Nc8 18. Rdh1 Bh6 19. g5 fxg5 20. Bg3 Kg7 21. Nd1 Ne7 22.
Ne3 Ng8 23. Ng4 Bxg4 24. Bxg4 Nf6 25. Be6 Nh5 26. Qd1 g4 27. Rxh5 gxh5 28. Rxh5
Qf6 29. Qa4 Bg5 30. Rh1 Qf3 31. Re1 Qd3 32. Qc2 Qxc2+ 33. Kxc2 Bf4 34. Bxg4 Nh6
35. Be6 Bxg3 36. fxg3 Rf2 37. Rg1 Nf7 38. Rf1 Rxf1 39. Nxf1 Ng5 40. Bf5 Rh8 41.
Kd3 Rh1 42. Ke2 Nf3 43. Kf2 Nd4 44. Kg2 Rh8 45. Ne3 Kf6 0-1

[Event "Aeroflot Open A"]
[Site "Moscow RUS"]
[Date "2011.02.09"]
[Round "2"]
[White "Hess, Robert L"]
[Black "Kurnosov, Igor"]
[Result "1/2-1/2"]
[WhiteTitle "GM"]
[BlackTitle "GM"]
[WhiteElo "2572"]
[BlackElo "2662"]
[WhiteFideId "2022036"]
[BlackFideId "4142527"]
[EventDate "2011.02.08"]

1. Nf3 Nf6 2. c4 g6 3. Nc3 d5 4. cxd5 Nxd5 5. e4 Nxc3 6. dxc3 Qxd1+ 7. Kxd1 f6
8. h4 h5 9. e5 Nc6 10. Bd3 Kf7 11. Re1 Bg4 12. Kc2 Rd8 13. Be4 Bh6 14. Bxh6 Rxh6
15. Bxc6 bxc6 16. Nd4 Bf5+ 17. Kc1 c5 18. Nc6 Rd7 19. Nxa7 g5 20. a4 gxh4 21. a5
Rg6 22. a6 Rxg2 23. Nc6 Rxf2 24. e6+ Bxe6 25. a7 Rdd2 26. Rxe6 Rc2+ 27. Kd1
Rfd2+ 28. Ke1 Rg2 29. Rxe7+ Kg6 30. Ne5+ fxe5 31. Ra6+ c6 1/2-1/2

[Event "Aeroflot Open A"]
[Site "Moscow RUS"]
[Date "2011.02.09"]
[Round "2"]
[White "Grachev, Boris"]
[Black "Fier, Alexandr"]
[Result "1/2-1/2"]
[WhiteTitle "GM"]
[BlackTitle "GM"]
[WhiteElo "2660"]
[BlackElo "2571"]
[WhiteFideId "4129199"]
[BlackFideId "2107139"]
[EventDate "2011.02.08"]

1. Nf3 Nf6 2. c4 e6 3. d4 d5 4. e3 dxc4 5. Bxc4 a6 6. O-O b5 7. Bd3 c5 8. a4 b4
9. e4 Bb7 10. e5 Nfd7 11. Nbd2 Nc6 12. Be4 cxd4 13. Nb3 Nc5 14. Bg5 Qd7 15. Nxc5
Bxc5 16. Rc1 Bb6 17. Qd2 h6 18. Bh4 O-O 19. Bb1 Bd8 20. Bg3 Ne7 21. Qxb4 Bxf3
22. gxf3 a5 23. Qb3 Qa7 24. Qc2 Nf5 25. Qc4 Rb8 26. Bxf5 exf5 27. e6 Rxb2 28.
Bd6 Be7 29. exf7+ Rxf7 30. Qc8+ Bf8 31. Rc7 Rb7 32. Rc6 d3 33. Rd1 Rf6 34. Bc5
Qb8 35. Qxb8 Rxb8 36. Rxf6 gxf6 37. Bxf8 Kxf8 38. Rxd3 Rb4 39. Rd7 Rxa4 40. Ra7
Ke8 41. Kg2 h5 42. Kg3 h4+ 43. Kh3 Kd8 44. f4 Kc8 45. Kxh4 Rxf4+ 46. Kg3 Rg4+
47. Kf3 a4 48. Ke3 Kb8 49. Ra5 Re4+ 50. Kd3 Rh4 51. Rxf5 a3 52. Kc2 Ra4 53. Kb1
Ra6 54. Ka2 Kc7 55. Rf3 Ra4 56. h3 Kd6 57. Rxf6+ Ke5 58. Rf3 Ra8 59. h4 Rh8 60.
Rh3 Kf5 61. f3 Ra8 62. Rg3 Kf4 63. Rh3 Kf5 64. h5 Kg5 65. h6 Kg6 66. h7 Rh8 67.
Kxa3 Rxh7 68. Rxh7 Kxh7 69. f4 Kg6 70. f5+ Kxf5 1/2-1/2

[Event "Aeroflot Open A"]
[Site "Moscow RUS"]
[Date "2011.02.09"]
[Round "2"]
[White "Zvjaginsev, Vadim"]
[Black "Geller, Jakov"]
[Result "1-0"]
[WhiteTitle "GM"]
[BlackTitle "IM"]
[WhiteElo "2660"]
[BlackElo "2544"]
[WhiteFideId "4113403"]
[BlackFideId "4151984"]
[EventDate "2011.02.08"]

1. e4 c5 2. Nf3 e6 3. Nc3 Nc6 4. d4 cxd4 5. Nxd4 Qc7 6. Be3 a6 7. a3 Nf6 8. f4
Nxd4 9. Qxd4 Ng4 10. Qb6 Bd6 11. Qxc7 Bxc7 12. Bd2 d6 13. Be2 h5 14. Bf3 Bd7 15.
h3 Nf6 16. O-O-O Bc6 17. Rhe1 O-O-O 18. f5 Nd7 19. Ne2 Ne5 20. fxe6 fxe6 21. Nf4
Bd7 22. Be2 h4 23. Rf1 Rhg8 24. Bc3 g5 25. Nh5 Bc6 26. Nf6 Rg6 27. Bh5 Rh6 28.
Bxe5 dxe5 29. Bf7 Rxd1+ 30. Kxd1 Kb8 31. Be8 Bxe8 32. Nxe8 Rh8 33. Nxc7 Kxc7 34.
Rf7+ Kc6 35. Rg7 Rd8+ 36. Ke2 Rd4 37. Ke3 Rd1 38. Rxg5 Re1+ 39. Kd3 Kd6 40. Rg7
b6 41. Rg4 Rg1 42. a4 a5 43. b3 Rd1+ 44. Kc3 Rg1 45. Kc4 Rc1 46. Kb5 1-0

[Event "Aeroflot Open A"]
[Site "Moscow RUS"]
[Date "2011.02.09"]
[Round "2"]
[White "Danin, Alexandre"]
[Black "Hammer, Jon Ludvig"]
[Result "1/2-1/2"]
[WhiteTitle "IM"]
[BlackTitle "GM"]
[WhiteElo "2538"]
[BlackElo "2647"]
[WhiteFideId "4144031"]
[BlackFideId "1503707"]
[EventDate "2011.02.08"]

1. e4 e5 2. Nf3 Nc6 3. d4 exd4 4. Nxd4 Nf6 5. Nxc6 bxc6 6. e5 Qe7 7. Qe2 Nd5 8.
c4 Nb6 9. Nd2 d5 10. exd6 cxd6 11. b3 Bg4 12. f3 Be6 13. Bb2 d5 14. cxd5 cxd5
15. O-O-O Bf5 16. Qb5+ Qd7 17. Nb1 Rc8+ 18. Nc3 g6 19. Qxd7+ Nxd7 20. Bd3 Bg7
21. Bxf5 gxf5 22. Rhe1+ Kd8 23. Kd2 Rg8 24. Re2 Be5 25. Kd3 d4 26. Na4 Rc6 27.
g3 h5 28. f4 Bf6 29. Rc1 Rxc1 30. Bxc1 h4 31. Rg2 h3 32. Re2 Re8 33. Rxe8+ Kxe8
34. Ba3 Be7 35. Bxe7 Kxe7 36. Kxd4 Nf6 37. Nc3 Ng4 38. Ne2 Nxh2 39. Ng1 Nf1 40.
Nxh3 Nxg3 41. Kd5 Ne2 42. a4 Kd7 43. Kc5 Kc7 44. Kb5 Kb7 45. Ng5 a6+ 46. Kc4
Nxf4 47. Nxf7 Kb6 48. Nd6 a5 49. Nxf5 Ne6 50. Kd5 Nc5 51. Nd4 Nd3 52. Ne6 Nb4+
53. Kc4 Nc6 54. Nf4 Ne5+ 55. Kd4 Nf3+ 56. Ke3 Ng5 57. Kd4 Nf3+ 58. Kc3 Ne5 59.
Nd5+ Kc5 60. Ne3 Nc6 61. Nd1 Ne7 62. Nb2 Nd5+ 63. Kc2 Kb4 64. Nd3+ Ka3 65. Nc5
Kb4 66. Na6+ Ka3 67. Nb8 Ne3+ 68. Kc3 Nd5+ 69. Kc4 Nb6+ 70. Kb5 Kxb3 71. Kxa5
Nxa4 1/2-1/2

[Event "Aeroflot Open A"]
[Site "Moscow RUS"]
[Date "2011.02.09"]
[Round "2"]
[White "Ni, Hua"]
[Black "Jumabayev, Rinat"]
[Result "1/2-1/2"]
[WhiteTitle "GM"]
[BlackTitle "GM"]
[WhiteElo "2645"]
[BlackElo "2555"]
[WhiteFideId "8601160"]
[BlackFideId "13702661"]
[EventDate "2011.02.08"]

1. e4 e5 2. Nf3 Nc6 3. Bb5 Nf6 4. O-O Nxe4 5. Re1 Nd6 6. Nxe5 Nxe5 7. Rxe5+ Be7
8. Bf1 O-O 9. d4 Bf6 10. Re1 Nf5 11. d5 d6 12. Nd2 Bg5 13. g3 Re8 14. Ne4 Bxc1
15. Rxc1 Bd7 16. Qd2 Re5 17. c4 c5 18. dxc6 Bxc6 19. Bg2 Qe7 20. Nc3 Re8 21.
Rxe5 Qxe5 22. Rd1 h5 23. h4 g6 24. Nd5 Kg7 25. Bh3 Bxd5 26. cxd5 Rc8 27. Bxf5
Qxf5 28. Qd4+ Qf6 29. Qxa7 Qxb2 30. Qd4+ Qxd4 31. Rxd4 Rc7 32. a4 Kf6 33. Re4
Re7 34. Rb4 Ke5 35. Rb5 f5 36. Kg2 Ke4 37. Kf1 Rf7 38. Kg1 f4 39. Kg2 Ke5 40.
Kh3 fxg3 41. fxg3 Rc7 42. Kg2 Rc2+ 43. Kf3 Rc3+ 44. Kg2 Rc2+ 45. Kf3 Rc3+ 46.
Kg2 Rc4 47. a5 Rc7 48. Kf3 Rf7+ 49. Ke3 Re7 50. Kd3 Rc7 51. Ke3 Rf7 52. Kd3 Rg7
53. Ke3 Rc7 54. Kf3 Rc5 55. Rxb7 Rxa5 56. Re7+ Kf5 57. Rf7+ Ke5 58. Re7+ Kxd5
59. Rg7 Ra3+ 60. Kg2 Ke4 61. Rxg6 Ra2+ 62. Kh3 d5 63. g4 d4 64. gxh5 d3 65. Rd6
d2 66. h6 Ra3+ 67. Kg2 Rd3 68. Rxd3 Kxd3 69. h7 d1=Q 70. h8=Q Qg4+ 1/2-1/2

[Event "Aeroflot Open A"]
[Site "Moscow RUS"]
[Date "2011.02.09"]
[Round "2"]
[White "Sethuraman, S.P."]
[Black "Sandipan, Chanda"]
[Result "0-1"]
[WhiteTitle "IM"]
[BlackTitle "GM"]
[WhiteElo "2545"]
[BlackElo "2641"]
[WhiteFideId "5021596"]
[BlackFideId "5004225"]
[EventDate "2011.02.08"]

1. d4 d5 2. c4 c6 3. Nc3 dxc4 4. e3 b5 5. a4 b4 6. Ne4 Nf6 7. Nxf6+ exf6 8. Bxc4
Bd6 9. Nf3 O-O 10. Qc2 Bb7 11. Bd3 h6 12. Nh4 c5 13. Qe2 Re8 14. Qg4 Bf8 15. O-O
Bd5 16. Nf5 g6 17. e4 h5 18. Qh4 c4 19. exd5 cxd3 20. Ne3 Nd7 21. Qg3 Re4 22. b3
f5 23. Bb2 Nf6 24. Qf3 Nxd5 25. Nxd5 Qxd5 26. Qxd3 Bg7 27. Rad1 Rd8 28. Rd2 Bxd4
29. Kh1 Qe6 30. Rdd1 Qe7 31. f3 Re3 32. Qxd4 Rxd4 33. Bxd4 Re2 34. Rc1 Kh7 35.
Rc8 f6 36. Ra8 Qd6 37. Rxa7+ Kh6 38. Bg1 Qd3 39. Rc7 0-1

[Event "Aeroflot Open A"]
[Site "Moscow RUS"]
[Date "2011.02.09"]
[Round "2"]
[White "Khairullin, Ildar"]
[Black "Roussel-Roozmon, Thomas"]
[Result "1-0"]
[WhiteTitle "GM"]
[BlackTitle "GM"]
[WhiteElo "2640"]
[BlackElo "2500"]
[WhiteFideId "4151348"]
[BlackFideId "2603659"]
[EventDate "2011.02.08"]

1. d4 d5 2. c4 c6 3. Nf3 Nf6 4. e3 a6 5. Nc3 b5 6. b3 Bg4 7. Be2 e6 8. O-O Nbd7
9. h3 Bh5 10. Bb2 Bd6 11. Ne5 Bxe2 12. Nxe2 bxc4 13. bxc4 O-O 14. Qc2 Qc7 15.
Nd3 Ne4 16. c5 Be7 17. f3 Ng3 18. Nxg3 Qxg3 19. Bc3 Bd8 20. Be1 Qg6 21. Rb1 Ra7
22. Nb4 Qxc2 23. Nxc2 Bc7 24. Nb4 Rb7 25. Rb3 Nb8 26. Bc3 a5 27. Nd3 Rxb3 28.
axb3 Nd7 29. Ra1 Ra8 30. b4 a4 31. Ra3 f6 32. Nb2 e5 33. Rxa4 Rxa4 34. Nxa4 Kf7
35. Bd2 Nf8 36. Nc3 Ne6 37. Ne2 Bb8 38. Kf2 Nc7 39. dxe5 fxe5 40. e4 Ke6 41. Ke3
Nb5 42. Kd3 Bc7 43. exd5+ Kxd5 44. Ng3 Bd8 45. Nf5 Bf6 46. Ne3+ Ke6 47. Nc4 Nc7
48. Ke4 Nd5 49. Na5 Ne7 50. Bc3 Nd5 51. Be1 Ne7 52. h4 g6 53. g4 Bg7 54. Bd2 h6
55. Bc1 h5 56. Bg5 Bf6 57. Bxf6 Kxf6 58. g5+ Ke6 59. Nc4 Ng8 1-0

[Event "Aeroflot Open A"]
[Site "Moscow RUS"]
[Date "2011.02.09"]
[Round "2"]
[White "Ju, Wenjun"]
[Black "Khalifman, Alexander"]
[Result "1/2-1/2"]
[WhiteTitle "WGM"]
[BlackTitle "GM"]
[WhiteElo "2514"]
[BlackElo "2638"]
[WhiteFideId "8603006"]
[BlackFideId "4100115"]
[EventDate "2011.02.08"]

1. d4 Nf6 2. c4 e6 3. g3 d5 4. Nf3 Bb4+ 5. Bd2 Bd6 6. Bg2 c6 7. Qc2 Nbd7 8. O-O
O-O 9. cxd5 exd5 10. Nc3 Re8 11. Nh4 Nf8 12. Rfe1 Be6 13. f3 c5 14. Nb5 cxd4 15.
Nxd4 Rc8 16. Qd3 Bd7 17. Bc3 Ne6 18. Ndf5 Bf8 19. e4 dxe4 20. fxe4 Qb6+ 21. Kh1
Ng4 22. Rf1 Nc5 23. Qf3 Ne5 24. Qh5 Ncd3 25. Bd4 Bc5 26. Qg5 Bxf5 27. Nxf5 Qg6
28. Qe3 Qb6 29. Qg5 Qg6 30. Qe3 Qb6 31. Qg5 Qg6 1/2-1/2

[Event "Aeroflot Open A"]
[Site "Moscow RUS"]
[Date "2011.02.09"]
[Round "2"]
[White "Mekhitarian, Krikor Sevag"]
[Black "Lysyj, Igor"]
[Result "1/2-1/2"]
[WhiteTitle "GM"]
[BlackTitle "GM"]
[WhiteElo "2528"]
[BlackElo "2635"]
[WhiteFideId "2107660"]
[BlackFideId "4150120"]
[EventDate "2011.02.08"]

1. d4 Nf6 2. c4 e6 3. Nf3 d5 4. Nc3 dxc4 5. e4 Bb4 6. Bg5 c5 7. Bxc4 cxd4 8.
Nxd4 Bxc3+ 9. bxc3 Qa5 10. Bb5+ Bd7 11. Bxf6 gxf6 12. Bxd7+ Nxd7 13. O-O Qxc3
14. Qa4 O-O 15. Nxe6 Nb6 16. Qd4 Rfc8 17. Qxc3 Rxc3 18. Nd4 Rc4 19. Rad1 Na4 20.
Nf5 Rxe4 21. Rd7 Nc5 22. Rc7 b6 23. Nh6+ Kg7 24. Nxf7 Ne6 25. Rb7 Nc5 26. Rc7
Ne6 27. Rb7 Nc5 28. Rc7 1/2-1/2